ბათუმის შოთა რუსთაველის სახელმწიფო უნივერსიტეტის ბიბლიოთეკა

კბილსაჭრელი ავტომატები და ნახევრადავტომატები : ლექციების კონსპექტი / (ბიბ.ჩანაწერი № 40358)

000 -ლიდერი
ფიქსირებული სიგრძის საკონტროლო ველი 00916nam a2200193Ia 4500
001 - საკონტროლო ნომერი
საკონტროლო ველი 6966
003 - საკონტროლო ნომრის იდენტიფიკატორი
საკონტროლო ველი GE_BSU
005 - ბოლო ოპერაციის თარიღი და დრო
საკონტროლო ველი 20190701170749.0
008 - ფიქსირებული სიგრძის მონაცემთა ელემენტები - ზოგადი ინფორმაცია
ფიქსირებული სიგრძის საკონტროლო ველი 181216s1978||||ge |||||||||||||| ||geo||
041 ## - ენის კოდი
Language code of text/sound track or separate title geo
080 ## - უნივერსალური ათობითი კლასიფიკაციის ინდექსი
Universal Decimal Classification number 621.9.06.-52 ჩ-72
100 ## - მთავარი ჩანაწერი - პიროვნების სახელი
Personal name ჩიხლაძე, გ.
9 (RLIN) 1385
245 ## - ცნობა სათაურის შესახებ
Title კბილსაჭრელი ავტომატები და ნახევრადავტომატები : ლექციების კონსპექტი /
Statement of responsibility, etc გ. ჩიხლაძე ; რედ : ე. კირვალიძე.
264 ## - წარმოების, გამოცემის, დისტრიბუციის და სხვა ცნობები
გამოცემის, წარმოების, დისტრიბუციის... ადგილი თბილისი :
გამოცემის, წარმოების, დისტრიბუციის... სახელწოდება სპი,
გამოცემის, წარმოების, დისტრიბუციის... თარიღი 1978.
300 ## - ფიზიკური აღწერა
Extent 183 გ .:
Other physical details ცხრ.
Dimensions 19 სმ.
653 ## - INDEX TERM--UNCONTROLLED
Uncontrolled term საჭრელი ავტომატები და ნახევადავტომატები
700 ## - ADDED ENTRY--PERSONAL NAME
Personal name კირვალიძე , ე
Relator term რედაქტორი
9 (RLIN) 3141
942 ## - ADDED ENTRY ELEMENTS (KOHA)
Koha item type წიგნი
Source of classification or shelving scheme
ეგზემპლარები
ჩამოწერის სტატუსი დაკარგული ეგზემპლარის სტატუსი კლასიფიკაციის წყარო ან თაროზე გაწყობის სქემა დაზიანების სტატუსი არ გაიცემა მუდმივი მდებარეობა (დაცვის ადგილი) ამჟამინდელი ადგილსამყოფელი თაროზე განთავსების ადგილი შეძენის თარიღი ღირებულება, შესყიდვის ნორმალური ფასი სრული შენახვის შიფრი შტრიხკოდი ბოლო ოპერაციის თარიღი ეგზემპლარის მიმდევრობითი ნომერი (კეტერი?) ფასის ძალაში შესვლის თარიღი ეგზემპლარის სახეობა საჯარო შენიშვნა
          ტექნოლოგიური ფაკულტეტის ბიბლიოთეკა ტექნოლოგიური ფაკულტეტის ბიბლიოთეკა წიგნსაცავი 2018-12-17 2.00 621.9.06.-52 ჩ-72 11205 2018-12-17 11205 2018-12-17 წიგნი 2 ლ.
          ტექნოლოგიური ფაკულტეტის ბიბლიოთეკა ტექნოლოგიური ფაკულტეტის ბიბლიოთეკა წიგნსაცავი 2018-12-17 2.00 621.9.06.-52 ჩ-72 11206 2018-12-17 11206 2018-12-17 წიგნი 2 ლ.
          ტექნოლოგიური ფაკულტეტის ბიბლიოთეკა ტექნოლოგიური ფაკულტეტის ბიბლიოთეკა წიგნსაცავი 2018-12-17 2.00 621.9.06.-52 ჩ-72 11207 2018-12-17 11207 2018-12-17 წიგნი 2 ლ.